[Event "4NCL Division 2b"]
[Site "Daventry, ENG"]
[Date "2020.03.01"]
[Round "2.83"]
[White "Bansal, Rohan"]
[Black "Tukpetov, Evgeny"]
[Result "1/2-1/2"]
[WhiteElo "2019"]
[BlackElo "2183"]
[PlyCount "111"]
[EventDate "2020.03.01"]
[WhiteTeam "KJCA Kings"]
[BlackTeam "Kings Head"]

1. d4 g6 2. c4 Bg7 3. Nf3 c5 4. Nc3 cxd4 5. Nxd4 Nc6 6. Nb3 a5 7. Na4 d6 8. e4
Nf6 9. f3 Be6 10. Be3 O-O 11. Be2 Nd7 12. Nd4 Nxd4 13. Bxd4 Rc8 14. Bxg7 Kxg7
15. Qd4+ f6 16. O-O Nc5 17. Nc3 Qb6 18. Nd5 Bxd5 19. exd5 Na4 20. Qxb6 Nxb6 21.
b3 a4 22. Rab1 axb3 23. axb3 Ra8 24. Ra1 Rfc8 25. Rfc1 Nd7 26. Kf2 Nc5 27. Rxa8
Rxa8 28. b4 Nb3 29. Rc3 Nd4 30. Ke3 Nxe2 31. Kxe2 Ra2+ 32. Kf1 Rb2 33. b5 g5
34. Re3 Kf7 35. Re2 Rb1+ 36. Re1 Rb4 37. Rc1 Rb2 38. h3 h5 39. h4 Ke8 40. Kg1
Kd8 41. Kh2 Kd7 42. Kg1 Re2 43. Kf1 Rd2 44. Rc3 f5 45. Rc1 Ke8 46. Rc3 Kf7 47.
Rc1 Ke8 48. Rc3 Kf7 49. c5 dxc5 50. Rxc5 Kf6 51. Rc7 Rb2 52. Rxb7 Kf7 53. b6
Kf6 54. Rb8 Ke5 55. Kg1 Kf4 56. Kh2 {Both scoresheets illegible (unreadable/
moves missing from the scoresheet) from move 20 onwards - this is the best we
can guess. Game ends on approximately move 70.} 1/2-1/2

[Event "4NCL Division 2b"]
[Site "Daventry, ENG"]
[Date "2020.03.01"]
[Round "2.84"]
[White "Okike, David"]
[Black "Royal, Shreyas"]
[Result "0-1"]
[WhiteElo "2180"]
[BlackElo "2096"]
[PlyCount "150"]
[EventDate "2020.03.01"]
[WhiteTeam "Kings Head"]
[BlackTeam "KJCA Kings"]

1. e4 e5 2. Nf3 Nc6 3. Bc4 Bc5 4. c3 Nf6 5. d3 O-O 6. O-O d5 7. exd5 Nxd5 8.
Re1 Bg4 9. Nbd2 Nb6 10. Bb5 Bd6 11. a4 a5 12. h3 Bh5 13. Qb3 Nd7 14. Bxc6 bxc6
15. Qc4 c5 16. Re3 Kh8 17. Ne4 f5 18. Neg5 Qf6 19. Qh4 Bg6 20. Ne1 Be7 21. f4
exf4 22. Rxe7 Qxe7 23. Bxf4 h6 24. Ngf3 Qxh4 25. Nxh4 Bh7 26. Bxc7 f4 27. Nhf3
Rf6 28. Rd1 Ra7 29. Bd8 Rf8 30. Be7 Rf7 31. Bd8 Ra8 32. Bc7 Nf8 33. Bd6 Ne6 34.
Ne5 Rb7 35. Rd2 Rd8 36. Nc4 Rbd7 37. Be5 Bxd3 38. Nxd3 Rxd3 39. Re2 f3 40. gxf3
Rxf3 41. Kg2 Rf5 42. Nxa5 Nf4+ 43. Bxf4 Rxf4 44. b3 Ra8 45. Nc4 Rb8 46. Nd2 Rf5
47. c4 Rf7 48. Re3 Rd7 49. Nf3 Kg8 50. h4 Rdb7 51. Nd2 Kf7 52. Re5 Rd7 53. Nf3
Rxb3 54. Rxc5 Ra7 55. a5 Ra3 56. Ne5+ Ke6 57. Nf3 R3xa5 58. Rc8 Kd6 59. Rd8+
Rd7 60. Rc8 Rc5 61. Re8 Rxc4 62. Re2 Re7 63. Rd2+ Ke6 64. Rd3 Kf7 65. Kg3 Kg6
66. Rd6+ Kh7 67. Rd3 Rec7 68. Rd5 Rc3 69. Rf5 Ra7 70. h5 Kg8 71. Kg4 Rf7 72.
Rxf7 Kxf7 73. Ne5+ Ke6 74. Ng6 Rc4+ 75. Kg3 Kf5 0-1

[Event "4NCL Division 2b"]
[Site "Daventry, ENG"]
[Date "2020.03.01"]
[Round "2.85"]
[White "Yoon, Jacob D"]
[Black "McMichael, Richard J"]
[Result "1-0"]
[WhiteElo "2095"]
[BlackElo "2157"]
[PlyCount "105"]
[EventDate "2020.03.01"]
[WhiteTeam "KJCA Kings"]
[BlackTeam "Kings Head"]

1. e4 e6 2. d4 d5 3. Nd2 dxe4 4. Nxe4 Bd7 5. Bd3 Bc6 6. Nf3 Nd7 7. O-O Ngf6 8.
Ng3 Be7 9. b3 O-O 10. Bb2 Bxf3 11. Qxf3 c6 12. c4 Qa5 13. Bc3 Bb4 14. Bxb4 Qxb4
15. Rad1 Rfd8 16. Bb1 Nf8 17. Ne4 Nxe4 18. Qxe4 Rd7 19. Rd3 Rad8 20. Rfd1 b5
21. Rc1 c5 22. dxc5 Rxd3 23. Bxd3 Qd2 24. Qe3 Rxd3 25. Qxd2 Rxd2 26. cxb5 Rd8
27. a4 Ng6 28. a5 Ne7 29. b4 Kf8 30. b6 a6 31. b5 axb5 32. a6 Nc6 33. a7 Ke8
34. Kf1 Nxa7 35. bxa7 Ra8 36. c6 Kd8 37. Rd1+ Kc7 38. Rd7+ Kxc6 39. Rxf7 b4 40.
Ke2 Kb6 41. Rxg7 Rxa7 42. Rxa7 Kxa7 43. Kd3 Kb6 44. Kc4 Ka5 45. Kb3 Kb5 46. h4
Kc5 47. h5 Kd5 48. Kxb4 h6 49. Kb5 Ke5 50. Kc5 Kf5 51. Kd6 Kf6 52. f4 Kf5 53.
g3 1-0

[Event "4NCL Division 2b"]
[Site "Daventry, ENG"]
[Date "2020.03.01"]
[Round "2.86"]
[White "Mackenzie, Colin"]
[Black "Anilkumar, Anantha P"]
[Result "1/2-1/2"]
[WhiteElo "2046"]
[BlackElo "1861"]
[PlyCount "35"]
[EventDate "2020.03.01"]
[WhiteTeam "Kings Head"]
[BlackTeam "KJCA Kings"]

1. c4 c5 2. g3 Nc6 3. Bg2 g6 4. Nc3 Bg7 5. a3 e6 6. b4 d6 7. b5 Nce7 8. Qb3 Nf6
9. d3 O-O 10. Nf3 Qc7 11. O-O b6 12. e4 Bb7 13. Bf4 Nh5 14. Bd2 d5 15. Rae1 d4
16. Ne2 e5 17. Qd1 a6 18. a4 1/2-1/2

[Event "4NCL Division 2b"]
[Site "Daventry, ENG"]
[Date "2020.03.01"]
[Round "2.87"]
[White "Verma, Shlok"]
[Black "Gilfillan, Andrew"]
[Result "0-1"]
[WhiteElo "1728"]
[BlackElo "2005"]
[PlyCount "166"]
[EventDate "2020.03.01"]
[WhiteTeam "KJCA Kings"]
[BlackTeam "Kings Head"]

1. d4 d5 2. c4 dxc4 3. e4 e5 4. Nf3 exd4 5. Bxc4 Bb4+ 6. Bd2 Qe7 7. O-O Bxd2 8.
Nbxd2 Nc6 9. h3 Nh6 10. Nb3 O-O 11. Nbxd4 Qxe4 12. Bd3 Qd5 13. Nxc6 Qxc6 14.
Rc1 Qf6 15. Rxc7 Qxb2 16. Qc2 Qxc2 17. Bxc2 Be6 18. Rxb7 Bxa2 19. Ra1 Bd5 20.
Rbxa7 Bxf3 21. gxf3 Rxa7 22. Rxa7 g6 23. Ra4 Kg7 24. Kg2 Rc8 25. Be4 Rc7 26.
Rb4 Ng8 27. Rb7 Rc5 28. Rb1 Nf6 29. Rh1 Rg5+ 30. Kh2 Nh5 31. Rg1 Rb5 32. h4 Rb2
33. Rf1 Kf6 34. f4 Nxf4 35. Kg3 Nh5+ 36. Kg2 Nf4+ 37. Kf3 Ne6 38. Bd5 Nd4+ 39.
Ke4 Nf5 40. h5 g5 41. Ra1 Rb4+ 42. Kf3 Rf4+ 43. Kg2 h6 44. Ra6+ Ke5 45. Ra5 Kf6
46. Ra6+ Kg7 47. Ra7 Nd4 48. Rd7 Ne2 49. Bb3 Rf6 50. Bd1 Nf4+ 51. Kg3 Rb6 52.
Rd4 Kf6 53. Rd8 Ke7 54. Rd4 Re6 55. Bg4 f5 56. Bf3 Rb6 57. Ra4 Rb3 58. Ra7+ Kf6
59. Ra6+ Ne6 60. Kg2 Ke5 61. Ra5+ Kf6 62. Ra6 Rd3 63. Be2 Rd4 64. Bf3 g4 65.
Be2 Ke5 66. Ra5+ Ke4 67. Ra6 Ke5 68. Ra5+ Kf6 69. Ra6 Re4 70. Bd3 Re5 71. Bc4
f4 72. Ba2 Kf5 73. Rd6 Re1 74. Rd5+ Ke4 75. Rd7 Kf5 76. Rd5+ Kf6 77. Rd6 Ke7
78. Ra6 Ng5 79. Rxh6 Nf3 80. Re6+ Rxe6 81. Bxe6 Kxe6 82. Kf1 Kf6 83. h6 Kg6 0-1

[Event "4NCL Division 2b"]
[Site "Daventry, ENG"]
[Date "2020.03.01"]
[Round "2.88"]
[White "Thatte, Nishchal"]
[Black "Metcalfe, Charlie P"]
[Result "1/2-1/2"]
[WhiteElo "1879"]
[BlackElo "1776"]
[PlyCount "107"]
[EventDate "2020.03.01"]
[WhiteTeam "Kings Head"]
[BlackTeam "KJCA Kings"]

1. e4 e5 2. Nf3 Nc6 3. Bb5 a6 4. Ba4 Nf6 5. O-O b5 6. Bb3 Bc5 7. a4 Rb8 8. axb5
axb5 9. c3 d6 10. d4 Bb6 11. Na3 O-O 12. Nxb5 Bg4 13. Bc2 Re8 14. d5 Ne7 15.
Na3 Qd7 16. Bg5 Ra8 17. Qe2 Ng6 18. Nc4 Nh5 19. Nxb6 cxb6 20. Rfe1 h6 21. Be3
Nh4 22. Rxa8 Rxa8 23. Bd1 Ra1 24. Qf1 Nxg2 25. Qxg2 Bh3 26. Nxe5 dxe5 27. Qf3
Bg4 28. Qxg4 Qxg4+ 29. Bxg4 Rxe1+ 30. Kg2 Nf4+ 31. Kf3 h5 32. Bc8 g5 33. d6 g4+
34. Kg3 Rd1 35. d7 Rd3 36. f3 Ne6 37. Kf2 b5 38. fxg4 hxg4 39. Ke2 Rd6 40. b3
Kf8 41. c4 bxc4 42. bxc4 Rc6 43. c5 Ke7 44. Bb7 Rxc5 45. d8=Q+ Kxd8 46. Bxc5
Nxc5 47. Bd5 Ke7 48. Kf2 Kf6 49. Kg3 Kg5 50. h4+ gxh3 51. Kxh3 f6 52. Kg3 Na4
53. Bc6 Nc5 54. Bd5 1/2-1/2

[Event "4NCL Division 1a"]
[Site "Daventry, ENG"]
[Date "2020.01.11"]
[Round "3.11"]
[White "Sadler, Matthew D"]
[Black "Murphy, Conor E"]
[Result "1-0"]
[WhiteElo "2692"]
[BlackElo "2407"]
[PlyCount "115"]
[EventDate "2020.01.11"]
[WhiteTeam "Guildford 1"]
[BlackTeam "Cambridge University 1"]

1. c4 e6 2. Nc3 d5 3. d4 Nf6 4. cxd5 exd5 5. Bg5 c6 6. Qc2 Be7 7. e3 Nbd7 8.
Bd3 h6 9. Bh4 Nh5 10. Bxe7 Qxe7 11. O-O-O Nb6 12. Nf3 Bg4 13. Kb1 Nf6 14. Rc1
Nfd7 15. Rhe1 O-O-O 16. e4 dxe4 17. Bxe4 Qf6 18. d5 c5 19. d6 Rhe8 20. a4 Kb8
21. h3 Bh5 22. Qb3 Qe6 23. Qxe6 Rxe6 24. Nh4 Nc4 25. g4 g5 26. gxh5 gxh4 27.
Bd5 Rxe1 28. Rxe1 Nxd6 29. Re7 Nb6 30. Re5 Rg8 31. a5 Nbc8 32. Bf3 Rg1+ 33. Ka2
Rf1 34. Re2 b5 35. Nd5 Rd1 36. Ne3 Rd3 37. Bg2 c4 38. Ng4 Rd1 39. Nxh6 b4 40.
Bc6 Kc7 41. Bf3 Rf1 42. Re5 Rxf2 43. Be2 b3+ 44. Ka3 c3 45. bxc3 b2 46. Ka2 f6
47. Ng4 Rg2 48. Nxf6 Nf7 49. Re3 Rg3 50. Kxb2 Ncd6 51. Kc2 Nf5 52. Rf3 Ne3+ 53.
Kd3 Ng2 54. Kd2 Ng5 55. Rf5 Nxh3 56. h6 Rg6 57. h7 Rh6 58. Rh5 1-0

[Event "4NCL Division 1a"]
[Site "Daventry, ENG"]
[Date "2020.01.11"]
[Round "3.12"]
[White "Hill, Alistair"]
[Black "Jones, Gawain C B"]
[Result "0-1"]
[WhiteElo "2217"]
[BlackElo "2679"]
[PlyCount "54"]
[EventDate "2020.01.11"]
[WhiteTeam "Cambridge University 1"]
[BlackTeam "Guildford 1"]

1. d4 Nf6 2. c4 g6 3. Nc3 Bg7 4. e4 d6 5. Nge2 O-O 6. Ng3 c5 7. d5 a6 8. a4 e6
9. Be2 exd5 10. cxd5 h5 11. Bg5 Qa5 12. h3 Nbd7 13. O-O Nh7 14. Be3 h4 15. Nh1
f5 16. exf5 gxf5 17. f4 Qb4 18. Bd2 c4 19. a5 Qxb2 20. Rf3 Re8 21. Bxc4 Qb4 22.
Bf1 Qd4+ 23. Kh2 Nc5 24. Rc1 Bd7 25. Ne2 Qxd5 26. Bc3 Qxd1 27. Rxd1 Bc6 0-1

[Event "4NCL Division 1a"]
[Site "Daventry, ENG"]
[Date "2020.01.11"]
[Round "3.14"]
[White "Gallagher, Daniel GH"]
[Black "McShane, Luke J"]
[Result "0-1"]
[WhiteElo "2171"]
[BlackElo "2677"]
[PlyCount "50"]
[EventDate "2020.01.11"]
[WhiteTeam "Cambridge University 1"]
[BlackTeam "Guildford 1"]

1. e4 e5 2. Bc4 Nf6 3. d4 exd4 4. Nf3 Nxe4 5. Qxd4 Nf6 6. Nc3 Nc6 7. Qh4 Ne7 8.
Bg5 Ng6 9. Qd4 c6 10. O-O-O Be7 11. h4 d5 12. h5 Nf8 13. h6 Ne6 14. hxg7 Rg8
15. Qh4 Rxg7 16. Rhe1 Bd7 17. Bd3 Ng4 18. Qxg4 Nxg5 19. Qd4 Kf8 20. Nxg5 Bxg5+
21. f4 Be7 22. Rh1 Bg4 23. Rde1 Qb6 24. Qe5 f6 25. Qe3 d4 0-1

[Event "4NCL Division 1a"]
[Site "Daventry, ENG"]
[Date "2020.01.11"]
[Round "3.15"]
[White "Edouard, Romain"]
[Black "Robertson, J Stuart"]
[Result "1-0"]
[WhiteElo "2640"]
[BlackElo "2157"]
[PlyCount "67"]
[EventDate "2020.01.11"]
[WhiteTeam "Guildford 1"]
[BlackTeam "Cambridge University 1"]

1. e4 c5 2. Nc3 Nc6 3. Nf3 e5 4. Bc4 Be7 5. d3 Nf6 6. Ng5 O-O 7. f4 d5 8. exd5
Nd4 9. fxe5 Ng4 10. e6 Bxg5 11. Qxg4 Bxc1 12. Rxc1 fxe6 13. dxe6 Re8 14. O-O
Bxe6 15. Bxe6+ Rxe6 16. Rf2 Rf6 17. Rcf1 Rxf2 18. Rxf2 Qe7 19. Ne4 Rd8 20. h4
Nc6 21. h5 Ne5 22. Qf5 h6 23. Ng3 c4 24. dxc4 Nxc4 25. Rf4 Ne3 26. Qb5 Rd1+ 27.
Kh2 Qe6 28. Qb4 Qe5 29. Qf8+ Kh7 30. Re4 Rh1+ 31. Kxh1 Qxg3 32. Qf3 Qe1+ 33.
Kh2 Nf1+ 34. Kh3 1-0

[Event "4NCL Division 1a"]
[Site "Daventry, ENG"]
[Date "2020.01.11"]
[Round "3.21"]
[White "Reimanis, Ritvars"]
[Black "Turner, Matthew J"]
[Result "1/2-1/2"]
[WhiteElo "2370"]
[BlackElo "2521"]
[PlyCount "33"]
[EventDate "2020.01.11"]
[WhiteTeam "Celtic Tigers 1"]
[BlackTeam "Barbican 4NCL 1"]

1. d4 d5 2. c4 c6 3. Nf3 Nf6 4. e3 Bg4 5. h3 Bh5 6. Qb3 Qb6 7. Nh4 e6 8. g4 Bg6
9. Nxg6 hxg6 10. Bg2 Nbd7 11. Nc3 dxc4 12. Qxc4 Be7 13. Bd2 O-O 14. Rb1 e5 15.
O-O exd4 16. exd4 Qd8 17. Qb3 1/2-1/2

[Event "4NCL Division 1a"]
[Site "Daventry, ENG"]
[Date "2020.01.11"]
[Round "3.25"]
[White "Zulfic, Fedja"]
[Black "Taylor, Martin R"]
[Result "1-0"]
[WhiteElo "2156"]
[BlackElo "2345"]
[PlyCount "53"]
[EventDate "2020.01.11"]
[WhiteTeam "Celtic Tigers 1"]
[BlackTeam "Barbican 4NCL 1"]

1. d4 d5 2. c4 e6 3. Nf3 Nf6 4. e3 c6 5. Nc3 Nbd7 6. Qc2 b6 7. Bd3 Bb7 8. O-O
Be7 9. b3 O-O 10. Bb2 Qc7 11. Rad1 Rfe8 12. Ne5 Nxe5 13. dxe5 Ng4 14. Bxh7+ Kh8
15. Qe2 Kxh7 16. Qxg4 Rad8 17. f4 f5 18. exf6 Bxf6 19. Nxd5 cxd5 20. Bxf6 gxf6
21. Rf3 Qg7 22. Qh5+ Kg8 23. Rg3 Qxg3 24. hxg3 Kg7 25. cxd5 Bxd5 26. f5 exf5
27. Rxd5 1-0

[Event "4NCL Division 1a"]
[Site "Daventry, ENG"]
[Date "2020.01.11"]
[Round "3.31"]
[White "Speelman, Jon S"]
[Black "Gordon, Stephen J"]
[Result "0-1"]
[WhiteElo "2509"]
[BlackElo "2504"]
[PlyCount "64"]
[EventDate "2020.01.11"]
[WhiteTeam "Wood Green"]
[BlackTeam "3Cs 1"]

1. d4 Nf6 2. c4 e6 3. Nf3 d5 4. g3 Be7 5. Bg2 O-O 6. O-O dxc4 7. Qc2 a6 8. Qxc4
b5 9. Qc2 Bb7 10. Bd2 Be4 11. Qc1 c6 12. Be3 Nbd7 13. Nc3 Bg6 14. Rd1 Rc8 15.
Bg5 Qc7 16. Qe3 b4 17. Nb1 c5 18. Bxf6 Nxf6 19. dxc5 Bxc5 20. Qf4 e5 21. Nxe5
Nh5 22. Nxg6 Nxf4 23. Nxf4 Qa7 24. Nd3 Rfd8 25. Nd2 Rxd3 26. exd3 Bxf2+ 27. Kh1
h5 28. Nc4 Qd4 29. Bf3 h4 30. Kg2 hxg3 31. hxg3 Rc5 32. Rf1 Bxg3 0-1

[Event "4NCL Division 1a"]
[Site "Daventry, ENG"]
[Date "2020.01.11"]
[Round "3.32"]
[White "Horton, Andrew P"]
[Black "Haria, Ravi"]
[Result "1/2-1/2"]
[WhiteElo "2470"]
[BlackElo "2450"]
[PlyCount "61"]
[EventDate "2020.01.11"]
[WhiteTeam "3Cs 1"]
[BlackTeam "Wood Green"]

1. Nf3 d5 2. c4 e6 3. g3 Nf6 4. Bg2 d4 5. O-O c5 6. e3 Nc6 7. exd4 cxd4 8. d3
h6 9. Na3 Bxa3 10. bxa3 O-O 11. Re1 Re8 12. Ne5 Nxe5 13. Rxe5 Nd7 14. Re1 Nc5
15. Bf4 f6 16. Qh5 Nxd3 17. Bc7 Qd7 18. Red1 Rf8 19. Rxd3 Qxc7 20. Rxd4 Bd7 21.
Rb1 Rab8 22. Qd1 Bc6 23. Bxc6 bxc6 24. Rxb8 Rxb8 25. Rd7 Rb1 26. Rxc7 Rxd1+ 27.
Kg2 Rd3 28. Rxc6 Rxa3 29. Rxe6 Rxa2 30. Re7 Rc2 31. Rxa7 1/2-1/2

[Event "4NCL Division 1a"]
[Site "Daventry, ENG"]
[Date "2020.01.11"]
[Round "3.35"]
[White "Harvey, Marcus R"]
[Black "Horton, Jamie A"]
[Result "1-0"]
[WhiteElo "2419"]
[BlackElo "2202"]
[PlyCount "95"]
[EventDate "2020.01.11"]
[WhiteTeam "Wood Green"]
[BlackTeam "3Cs 1"]

1. Nf3 Nf6 2. c4 e6 3. e3 d5 4. b3 Be7 5. Bb2 O-O 6. Nc3 c5 7. cxd5 exd5 8. d4
Nc6 9. Be2 Be6 10. O-O Rc8 11. dxc5 Bxc5 12. Nb5 Ne4 13. a3 Bb6 14. Rc1 Qe7 15.
Qd3 a6 16. Nbd4 Nxd4 17. Nxd4 Rxc1 18. Rxc1 Rc8 19. Rxc8+ Bxc8 20. Nf3 Be6 21.
b4 Qc7 22. Nd4 Qd7 23. Nxe6 Qxe6 24. Bf3 Qf5 25. Qc2 Qe6 26. Qd3 Qc6 27. g3 h6
28. Kg2 Qe6 29. a4 Bd8 30. b5 axb5 31. Qxb5 Qc6 32. Qxc6 bxc6 33. Bxe4 dxe4 34.
Bc3 f5 35. a5 Kf7 36. a6 Bb6 37. g4 g6 38. gxf5 gxf5 39. Be5 Ba7 40. Kg3 Ke6
41. Bg7 h5 42. Kf4 Bb8+ 43. Kg5 Ba7 44. h4 c5 45. Kxh5 f4 46. Kg5 fxe3 47. fxe3
c4 48. Kf4 1-0

[Event "4NCL Division 1a"]
[Site "Daventry, ENG"]
[Date "2020.01.11"]
[Round "3.37"]
[White "Taylor, Adam C"]
[Black "Walton, Alan J"]
[Result "1/2-1/2"]
[WhiteElo "2361"]
[BlackElo "2177"]
[PlyCount "37"]
[EventDate "2020.01.11"]
[WhiteTeam "Wood Green"]
[BlackTeam "3Cs 1"]

1. c4 f5 2. d4 Nf6 3. Nc3 e6 4. Nf3 Be7 5. g3 d6 6. Bg2 O-O 7. O-O Ne4 8. Nxe4
fxe4 9. Ne1 d5 10. Be3 Nd7 11. Qc2 c6 12. f3 Bg5 13. Bxg5 Qxg5 14. fxe4 Qe3+
15. Kh1 Rxf1+ 16. Bxf1 Nf6 17. Ng2 Qxd4 18. exd5 exd5 19. cxd5 1/2-1/2

[Event "4NCL Division 1a"]
[Site "Daventry, ENG"]
[Date "2020.01.11"]
[Round "3.41"]
[White "Macklin, Paul"]
[Black "McNab, Colin A"]
[Result "1-0"]
[WhiteElo "2341"]
[BlackElo "2412"]
[PlyCount "49"]
[EventDate "2020.01.11"]
[WhiteTeam "Spirit of Atticus A"]
[BlackTeam "Chessable White Rose 1"]

1. e4 g6 2. d4 d6 3. Be3 Nf6 4. Nc3 c6 5. Qd2 Nbd7 6. Nf3 Bg7 7. Bh6 O-O 8. h4
Bxh6 9. Qxh6 Ng4 10. Qd2 h5 11. Ng5 e5 12. f3 Ngf6 13. O-O-O b5 14. dxe5 dxe5
15. Qd6 Qb6 16. Kb1 Bb7 17. g4 Rad8 18. Bh3 hxg4 19. Bxg4 Nxg4 20. fxg4 Nc5 21.
Qf6 Nd7 22. Qe7 Bc8 23. Rd6 Qf2 24. Rxg6+ Kh8 25. Ne6 1-0

[Event "4NCL Division 1a"]
[Site "Daventry, ENG"]
[Date "2020.01.11"]
[Round "3.44"]
[White "Camacho Collados, Jose"]
[Black "Mitchell, Martin"]
[Result "1-0"]
[WhiteElo "2419"]
[BlackElo "2207"]
[PlyCount "47"]
[EventDate "2020.01.11"]
[WhiteTeam "Chessable White Rose 1"]
[BlackTeam "Spirit of Atticus A"]

1. e4 d6 2. d4 Nf6 3. Nc3 g6 4. Nf3 Bg7 5. h3 O-O 6. Be3 c6 7. a4 Qc7 8. Be2 e5
9. dxe5 dxe5 10. O-O Rd8 11. Qb1 Nbd7 12. Rd1 Re8 13. a5 Bf8 14. b4 c5 15. b5
b6 16. Bc4 bxa5 17. Ng5 Re7 18. Nd5 Nxd5 19. exd5 Qd6 20. Ne4 Qb6 21. d6 Re8
22. Ng5 Kg7 23. Bxf7 Rd8 24. Bd5 1-0

[Event "4NCL Division 1a"]
[Site "Daventry, ENG"]
[Date "2020.01.11"]
[Round "3.46"]
[White "Chow, Samuel"]
[Black "Ivell, Nicholas W"]
[Result "1-0"]
[WhiteElo "2317"]
[BlackElo "2177"]
[PlyCount "81"]
[EventDate "2020.01.11"]
[WhiteTeam "Chessable White Rose 1"]
[BlackTeam "Spirit of Atticus A"]

1. d4 d5 2. c4 e6 3. Nf3 c5 4. cxd5 exd5 5. g3 Nc6 6. Bg2 Nf6 7. O-O Be7 8.
dxc5 Bxc5 9. a3 Ne4 10. Nfd2 f5 11. Nxe4 dxe4 12. Qxd8+ Nxd8 13. Nc3 O-O 14. g4
fxg4 15. Nxe4 Be7 16. b4 Nc6 17. Be3 Bf5 18. Nc5 Bxc5 19. Bxc5 Rfe8 20. Be3 Be4
21. Rfd1 Bxg2 22. Kxg2 Ne5 23. Rac1 Re7 24. Rd5 b6 25. Bg5 Ng6 26. Rc2 Rf7 27.
Kg3 Raf8 28. Be3 Nf4 29. Rd4 g5 30. Bxf4 gxf4+ 31. Kxg4 f3 32. e3 Rg7+ 33. Kh3
Re7 34. Kg3 Rg7+ 35. Rg4 Rxg4+ 36. Kxg4 Rf7 37. Rc4 Kg7 38. Rf4 Rc7 39. Kxf3 b5
40. Rf5 a6 41. Rc5 1-0

[Event "4NCL Division 1a"]
[Site "Daventry, ENG"]
[Date "2020.01.12"]
[Round "4.12"]
[White "McShane, Luke J"]
[Black "Merry, Alan B"]
[Result "1-0"]
[WhiteElo "2677"]
[BlackElo "2423"]
[PlyCount "105"]
[EventDate "2020.01.12"]
[WhiteTeam "Guildford 1"]
[BlackTeam "Barbican 4NCL 1"]

1. c4 c5 2. g3 g6 3. Bg2 Bg7 4. Nc3 Nc6 5. e3 Bxc3 6. dxc3 b6 7. Nh3 Bb7 8. Nf4
d6 9. e4 Qd7 10. b3 e6 11. a4 Nf6 12. Ra2 h5 13. f3 g5 14. Nd3 Rg8 15. h4 gxh4
16. gxh4 Qc7 17. Kf1 Nd7 18. Bg5 f6 19. Be3 e5 20. f4 O-O-O 21. Qxh5 Na5 22.
Qd1 Rxg2 23. Rxg2 Bxe4 24. Nf2 Bxg2+ 25. Kxg2 f5 26. fxe5 Nxe5 27. Bg5 Rf8 28.
Kf1 Kb7 29. h5 Qg7 30. Bf4 Ng4 31. Rh3 Rg8 32. h6 Nxh6 33. Bxh6 Qg2+ 34. Ke2
Ka6 35. Bf4 Rg4 36. Rf3 Rg6 37. Re3 Rg4 38. Rf3 Rg6 39. Qc2 Qg1 40. Be3 Qa1 41.
Nd3 Qh1 42. Nf4 Rh6 43. Rf1 Rh2+ 44. Bf2 Qa8 45. Nd5 Qh8 46. Ke1 Qh6 47. Kd1
Qh3 48. Qe2 Nxb3 49. Kc2 Na5 50. Nc7+ Kb7 51. Nb5 Ka6 52. Nxd6 f4 53. Qe8 1-0

[Event "4NCL Division 1a"]
[Site "Daventry, ENG"]
[Date "2020.01.12"]
[Round "4.13"]
[White "Pigott, John C"]
[Black "Sadler, Matthew D"]
[Result "1/2-1/2"]
[WhiteElo "2370"]
[BlackElo "2692"]
[PlyCount "100"]
[EventDate "2020.01.12"]
[WhiteTeam "Barbican 4NCL 1"]
[BlackTeam "Guildford 1"]

1. c4 e5 2. Nc3 Bb4 3. Nd5 Bc5 4. e3 Nf6 5. b4 Be7 6. Nxe7 Qxe7 7. Bb2 O-O 8.
a3 d6 9. Ne2 h5 10. Nc3 c6 11. d4 Bf5 12. Be2 Nbd7 13. O-O Rfe8 14. Qd2 h4 15.
Rad1 e4 16. d5 c5 17. Nb5 Rad8 18. bxc5 Nxc5 19. Nxa7 h3 20. g3 Ng4 21. Nb5 Ne5
22. Bxe5 Qxe5 23. Qc3 Qe7 24. Nd4 Bd7 25. Rb1 Ra8 26. Rb4 Ra6 27. Rfb1 Rea8 28.
Nc2 Qd8 29. Bf1 Bg4 30. Qd4 Bf5 31. Rb5 Qe7 32. Rb6 R6a7 33. R6b4 Bd7 34. Qd2
Qg5 35. Rb6 Qe5 36. Qd4 Qe7 37. Qd2 g6 38. R6b4 Kh7 39. Qc3 Ra6 40. Qd4 Qd8 41.
Qc3 R8a7 42. Qd4 Kg8 43. Qc3 Bg4 44. Qd4 Bd7 45. Qc3 Qe7 46. Qd4 Kh7 47. Rb6
Ra5 48. R6b4 Kg8 49. Rb6 Kh7 50. R6b4 Kg8 1/2-1/2

[Event "4NCL Division 1a"]
[Site "Daventry, ENG"]
[Date "2020.01.12"]
[Round "4.14"]
[White "Jones, Gawain C B"]
[Black "Jackson, James P"]
[Result "1-0"]
[WhiteElo "2679"]
[BlackElo "2392"]
[PlyCount "163"]
[EventDate "2020.01.12"]
[WhiteTeam "Guildford 1"]
[BlackTeam "Barbican 4NCL 1"]

1. e4 e5 2. Nf3 Nc6 3. Bc4 Nf6 4. d3 Be7 5. O-O O-O 6. Re1 d6 7. a4 Kh8 8. h3
Ng8 9. Nc3 f5 10. Nd5 fxe4 11. dxe4 Be6 12. a5 a6 13. Qd3 Qd7 14. Bd2 Bd8 15.
b4 Qf7 16. Kh1 h6 17. Rab1 Nce7 18. Ne3 Ng6 19. Bxe6 Qxe6 20. Ng4 c6 21. c4 Bc7
22. Red1 Nf6 23. Nfh2 Nxg4 24. Nxg4 h5 25. Ne3 Rxf2 26. Nf5 Ne7 27. Rf1 Rxf1+
28. Rxf1 Rf8 29. Bg5 Ng8 30. Nh4 Rf7 31. Rf3 Nf6 32. Qe2 Nh7 33. Rg3 g6 34. Bd8
Nf8 35. Bxc7 Rxc7 36. Qd2 Kh7 37. Nf3 Kg8 38. Ng5 Qxc4 39. Rf3 Rd7 40. Kh2 Nh7
41. Rg3 Kg7 42. Rc3 Qg8 43. Nf3 Qe6 44. Rd3 d5 45. Qc3 d4 46. Qc5 Re7 47. Nh4
Qf6 48. Nf3 Nf8 49. Rd1 Nd7 50. Qa7 Qf4+ 51. Kh1 Nf6 52. Qc5 Re6 53. Qb6 Re7
54. Qc5 Kf7 55. Rf1 Ke8 56. Qd6 Nxe4 57. Qb8+ Kd7 58. Qxb7+ Kd6 59. Qb8+ Rc7
60. Kg1 g5 61. Qd8+ Rd7 62. Qb8+ Kd5 63. Qg8+ Kd6 64. Qb8+ Kd5 65. Qg8+ Qf7 66.
Qc8 Qe7 67. Qxa6 g4 68. b5 Qc5 69. Qc8 d3+ 70. Kh2 Qd6 71. bxc6 Rg7 72. Qa8
gxf3 73. Rxf3 Nc5 74. c7+ Kd4 75. c8=Q e4+ 76. Kg1 exf3 77. Qxf3 Ne4 78. Qh8
Qe5 79. Qd8+ Nd6 80. Qb6+ Kc3 81. Qd1 Kc4 82. Qdb3# 1-0

[Event "4NCL Division 1a"]
[Site "Daventry, ENG"]
[Date "2020.01.12"]
[Round "4.15"]
[White "Cox, John J"]
[Black "Edouard, Romain"]
[Result "0-1"]
[WhiteElo "2308"]
[BlackElo "2640"]
[PlyCount "72"]
[EventDate "2020.01.12"]
[WhiteTeam "Barbican 4NCL 1"]
[BlackTeam "Guildford 1"]

1. g3 d5 2. Nf3 g6 3. c4 dxc4 4. Qa4+ Nc6 5. Qxc4 Bg7 6. Bg2 e5 7. O-O Nge7 8.
d3 h6 9. Nbd2 O-O 10. Qc2 Bg4 11. a3 a5 12. Rb1 a4 13. b4 axb3 14. Nxb3 b6 15.
Bb2 Qd7 16. Rfc1 Ra7 17. Ra1 Be6 18. Nfd2 Nd4 19. Nxd4 exd4 20. a4 Bd5 21. a5
Bxg2 22. Kxg2 bxa5 23. Qc5 Rfa8 24. Nf3 Nf5 25. Qc6 Qe7 26. Rc2 a4 27. Ba3 Qd8
28. Rc4 Bf6 29. g4 Ng7 30. Bb2 a3 31. Bxd4 Ne6 32. Bxf6 Qxf6 33. Ra2 Rb8 34.
Rcc2 Nf4+ 35. Kf1 Qxc6 36. Rxc6 Rb2 0-1

[Event "4NCL Division 1a"]
[Site "Daventry, ENG"]
[Date "2020.01.12"]
[Round "4.16"]
[White "Pert, Nicholas"]
[Black "Sowray, Peter J"]
[Result "1/2-1/2"]
[WhiteElo "2558"]
[BlackElo "2272"]
[PlyCount "55"]
[EventDate "2020.01.12"]
[WhiteTeam "Guildford 1"]
[BlackTeam "Barbican 4NCL 1"]

1. d4 d5 2. c4 dxc4 3. e4 Nc6 4. Nf3 Nf6 5. Nc3 Bg4 6. d5 Ne5 7. Bf4 Nfd7 8.
Be2 Bxf3 9. gxf3 e6 10. Bxe5 Nxe5 11. f4 Ng6 12. Qa4+ Qd7 13. Qxd7+ Kxd7 14.
dxe6+ fxe6 15. O-O-O+ Kc6 16. f5 exf5 17. Bxc4 Bd6 18. Bd5+ Kb6 19. exf5 Ne7
20. Be4 Raf8 21. h4 g6 22. Na4+ Ka5 23. Nc3 Kb6 24. Nd5+ Nxd5 25. Rxd5 gxf5 26.
Rxf5 Rxf5 27. Bxf5 h6 28. f3 1/2-1/2